Bifurcation of rapidly decaying solutions for the Haraux-Weissler equation /

Bewaard in:
Bibliografische gegevens
Hoofdauteur: Hirose, Munemitsu.
Andere auteurs: Yanagida, Eiji.
Formaat: Artikel
Taal:English
Onderwerpen:
Tags: Voeg label toe
Geen labels, Wees de eerste die dit record labelt!
Thư viện lưu trữ: Thư viện Trường Đại học Đà Lạt
LEADER 00932nam a2200301 4500
001 DLU090093178
005 ##20091201
040 # # |a DLU  |b eng 
041 # # |a eng 
044 # # |a jp 
100 # # |a Hirose, Munemitsu.  
245 # # |a Bifurcation of rapidly decaying solutions for the Haraux-Weissler equation /  |c Munemitsu Hirose, Eiji Yanagida. 
653 # # |a Bifurcation 
653 # # |a Haraux-Weissler equations 
653 # # |a Parameters 
653 # # |a Radial solutions 
653 # # |a Semilinear elliptic equations 
700 # # |a Yanagida, Eiji.  
773 # # |t Advances in Mathematical Sciences and Applications  |g Vol. 7, no. 2 (1997), p. 619-636 
920 # # |a Phòng Tạp chí -- Trung tâm Thông tin - Thư viện Trường Đại học Đà Lạt 
994 # # |a DLU 
900 # # |a True 
911 # # |a Trương Bảo Trâm Anh 
925 # # |a G 
926 # # |a A 
927 # # |a BB 
980 # # |a Thư viện Trường Đại học Đà Lạt